000 00974nam a2200229Ia 4500
001 19430
003 GE_BSU
008 181216s||||||||xx |||||||||||||| ||und||
040 _cGE_BSU
080 _a81'(063)
245 _aიბერიულ-კავკასიური ენათმეცნიერება VII = иберийско-кавказкое языкознание=IVERO-CAUCASIA
245 _cრედ: ქ.ლომთათიძე
260 _aთბილისი
260 _bსაქართველოს სსრ მეცნიერებათა აკადემიის გამომცემლობა
260 _c1955
300 _a486გვ;26სმ.
541 _h4ლ.60თ.
653 _aენათმეცნიერება
653 _aიბერიულ-კავკასიური ენათმეცნიერება VII
653 _aქართული ენა
942 _cBK
999 _c52410
_d52410